8 Ways To Peace: (Record no. 166742)

MARC details
000 -LEADER
fixed length control field 00631nam a22001937a 4500
005 - DATE AND TIME OF LATEST TRANSACTION
control field 20190807120429.0
010 ## - LCCN (DPL NO)
LC control number ENG-126141
020 ## - INTERNATIONAL STANDARD BOOK NUMBER
Terms of availability 295.00
International Standard Book Number 978-93-505779-5-0
035 ## - SYSTEM CONTROL NUMBER
System control number EN-109673
037 ## - SOURCE OF ACQUISITION
Source of stock number/acquisition DBAD/PUB
082 ## - DEWEY DECIMAL CLASSIFICATION NUMBER
Classification number 230.2
100 ## - MAIN ENTRY--PERSONAL NAME
Personal name Tiwari,Ram Shanker
245 ## - TITLE STATEMENT
Title 8 Ways To Peace:
Statement of responsibility, etc byRam Shanker Tiwari
Remainder of title Clarity,Relief&Comfort
260 ## - PUBLICATION, DISTRIBUTION, ETC. (IMPRINT)
Name of publisher, distributor, etc V&S Publishers
Place of publication, distribution, etc New Delhi
Date of publication, distribution, etc 2017
270 ## - ADDRESS
City New Delhi
Address F-2/16,Ansari Road,Daryaganj,
Postal code 110002
Telephone number 011-23240026
Fax number 011-23240028
Electronic mail address info@vspublishers.com
300 ## - PHYSICAL DESCRIPTION
Extent 128p.
Dimensions 21cm(pkb)
700 ## - ADDED ENTRY--PERSONAL NAME
Personal name Ram Shanker Tiwari
942 ## - ADDED ENTRY ELEMENTS (KOHA)
Source of classification or shelving scheme Dewey Decimal Classification
Item type English Books
Classification part 230.2
Call number suffix TIW
Holdings
Withdrawn status Lost status Not for loan Collection code Home library Current library Date acquired Source of acquisition Cost, normal purchase price Full call number Barcode Copy number Cost, replacement price Koha item type
      Non-fiction Ashok Vihar Ashok Vihar 07/08/2019 DBAD/PUB 295.00 230.2 TIW EN-109673 1 295.00 English Books

© Delhi Public Library
Hit Counter
free hit counter